000 00189 a2200085 4500
020 _a9781786273284
100 _a Chris Lefteri
245 _aMaking It
260 _bLaurence King Publishing
_c2019
999 _c13331
_d13331